000 01077nam a2200277 i 4500
001 bg
245 0 0 _aProceedings of the International Workshop on Discrete-Event System Design DESDes'01 :
_bJune 27-29, 2001 Przytok near Zielona Góra /
_ced. by Marian Adamski, Marek Węgrzyn ; Computer Engineering and Electronics Institute Technical University of Zielona Góra.
260 _aZielona Góra :
_bOficyna Wydawnicza Politechniki Zielonogórskiej,
_c2001.
300 _aVII, 266 s. :
_bil. ;
_c24 cm.
500 _aStreszcz. przy ref.
504 _aBibliogr. po ref.
650 9 _aSieci Petriego
_xzagadnienia
650 9 _aUkłady cyfrowe
650 9 _aSterowanie
655 _aMateriały konferencyjne
700 1 _aADAMSKI, Marian.
_eRed.
700 1 _aWĘGRZYN, Marek.
_eRed.
710 0 _aTechnical University of Zielona Góra
_bComputer Engineering and Electronics Institute
020 _a8385911626
040 _cBPK
041 0 _aen
080 _a004.4:519.1](061)
920 _a83-85911-62-6
942 _cKS
008 s pl f |000 0 pol
999 _c42641
_d42641